<?xml version="1.0" encoding="UTF-8"?>
<record
    xmlns:xsi="http://www.w3.org/2001/XMLSchema-instance"
    xsi:schemaLocation="http://www.loc.gov/MARC21/slim http://www.loc.gov/standards/marcxml/schema/MARC21slim.xsd"
    xmlns="http://www.loc.gov/MARC21/slim">

  <leader>01312cam a22003614a 4500</leader>
  <datafield tag="999" ind1=" " ind2=" ">
    <subfield code="c">35443</subfield>
    <subfield code="d">35443</subfield>
  </datafield>
  <controlfield tag="001">001325478</controlfield>
  <controlfield tag="003">AR-RgUNPA</controlfield>
  <controlfield tag="005">20260302090638.0</controlfield>
  <controlfield tag="007">ta</controlfield>
  <controlfield tag="008">100218s2005    ag d   fr    f  1 0 spa  </controlfield>
  <datafield tag="015" ind1=" " ind2=" ">
    <subfield code="a">AR-2005</subfield>
  </datafield>
  <datafield tag="020" ind1=" " ind2=" ">
    <subfield code="a">9789502313511</subfield>
  </datafield>
  <datafield tag="040" ind1=" " ind2=" ">
    <subfield code="a">SIUNPA</subfield>
    <subfield code="b">spa</subfield>
    <subfield code="c">SIUNPA</subfield>
    <subfield code="e">AACR</subfield>
  </datafield>
  <datafield tag="041" ind1=" " ind2=" ">
    <subfield code="a">spa</subfield>
  </datafield>
  <datafield tag="044" ind1=" " ind2=" ">
    <subfield code="a">ag</subfield>
    <subfield code="c">ar-c</subfield>
  </datafield>
  <datafield tag="080" ind1="1" ind2=" ">
    <subfield code="a">159.9.072.4 I439i3</subfield>
  </datafield>
  <datafield tag="245" ind1="0" ind2="0">
    <subfield code="a">Informe psicol&#xF3;gico:</subfield>
    <subfield code="b">elaboraci&#xF3;n y caracter&#xED;sticas en diferentes &#xE1;mbitos </subfield>
    <subfield code="c">/ Beatriz H. Cattaneo (compiladora)</subfield>
  </datafield>
  <datafield tag="250" ind1=" " ind2=" ">
    <subfield code="a">3a. ed.</subfield>
  </datafield>
  <datafield tag="260" ind1=" " ind2=" ">
    <subfield code="a">Buenos Aires :</subfield>
    <subfield code="b">Eudeba,</subfield>
    <subfield code="c">reimpr.2013</subfield>
  </datafield>
  <datafield tag="300" ind1=" " ind2=" ">
    <subfield code="a">207 p. :</subfield>
    <subfield code="b">il.</subfield>
  </datafield>
  <datafield tag="490" ind1="1" ind2=" ">
    <subfield code="a">(Psicolog&#xED;a / Eudeba)</subfield>
  </datafield>
  <datafield tag="504" ind1=" " ind2=" ">
    <subfield code="a">Bibliograf&#xED;a: p. 203-206.</subfield>
  </datafield>
  <datafield tag="650" ind1=" " ind2="4">
    <subfield code="a"> PSICOLOGIA</subfield>
    <subfield code="2">isoc de psicolog&#xED;a</subfield>
  </datafield>
  <datafield tag="650" ind1=" " ind2="4">
    <subfield code="a">PSICODIAGNOSTICO</subfield>
    <subfield code="2">isoc de psicolog&#xED;a</subfield>
  </datafield>
  <datafield tag="650" ind1=" " ind2="4">
    <subfield code="a">INFORME PSCOLOGICO</subfield>
    <subfield code="2">isoc de psicolog&#xED;a</subfield>
  </datafield>
  <datafield tag="650" ind1=" " ind2="4">
    <subfield code="a">EVALUCION PSICOLOGICA</subfield>
    <subfield code="2">isoc de psicolog&#xED;a</subfield>
  </datafield>
  <datafield tag="700" ind1="1" ind2=" ">
    <subfield code="a">Cattaneo, Beatriz H.</subfield>
    <subfield code="e">, comp.</subfield>
    <subfield code="e">aut.</subfield>
  </datafield>
  <datafield tag="830" ind1=" " ind2="0">
    <subfield code="a">Psicolog&#xED;a</subfield>
  </datafield>
  <datafield tag="930" ind1=" " ind2="1">
    <subfield code="l">BNA01</subfield>
    <subfield code="m">LIBRO</subfield>
    <subfield code="6">00881292</subfield>
    <subfield code="8">20110912</subfield>
    <subfield code="f">11</subfield>
    <subfield code="h">2a ed., reimpr. (2008)</subfield>
    <subfield code="s">03</subfield>
    <subfield code="n">000</subfield>
    <subfield code="o">001325478</subfield>
  </datafield>
  <datafield tag="930" ind1=" " ind2="1">
    <subfield code="l">BNA01</subfield>
    <subfield code="m">LIBRO</subfield>
    <subfield code="6">00906393</subfield>
    <subfield code="8">20110912</subfield>
    <subfield code="f">11</subfield>
    <subfield code="h">2a. ed., reimpr. (2009)</subfield>
    <subfield code="s">03</subfield>
    <subfield code="n">000</subfield>
    <subfield code="o">001325478</subfield>
  </datafield>
  <datafield tag="930" ind1=" " ind2="1">
    <subfield code="l">BNA01</subfield>
    <subfield code="m">LIBRO</subfield>
    <subfield code="6">00947287</subfield>
    <subfield code="8">20141117</subfield>
    <subfield code="f">11</subfield>
    <subfield code="h">3a. ed.,  2a reimpr. (2011)</subfield>
    <subfield code="s">03</subfield>
    <subfield code="n">002</subfield>
    <subfield code="o">001325478</subfield>
  </datafield>
  <datafield tag="942" ind1=" " ind2=" ">
    <subfield code="2">udc</subfield>
    <subfield code="c">BK</subfield>
  </datafield>
  <datafield tag="952" ind1=" " ind2=" ">
    <subfield code="0">0</subfield>
    <subfield code="1">0</subfield>
    <subfield code="2">udc</subfield>
    <subfield code="4">0</subfield>
    <subfield code="7">0</subfield>
    <subfield code="8">CG</subfield>
    <subfield code="a">BIB_RECT</subfield>
    <subfield code="b">BIB_UARG</subfield>
    <subfield code="d">2026-03-02</subfield>
    <subfield code="e">Donaci&#xF3;n Sura, Ivan Mat&#xED;as </subfield>
    <subfield code="g">39000.00</subfield>
    <subfield code="i">05-51951</subfield>
    <subfield code="o">159.9.072.4 I439i3</subfield>
    <subfield code="p">05-51951</subfield>
    <subfield code="r">2026-03-02</subfield>
    <subfield code="w">2026-03-02</subfield>
    <subfield code="y">BK</subfield>
  </datafield>
</record>
